Vista normal
Vista MARC
Entrada Término de materia
Número de registros utilizados en: 329
001 - NÚMERO DE CONTROL
- Campo de control: 28084
003 - IDENTIFICADOR DE NÚMERO DE CONTROL
- Campo de control: ES-MaCES
005 - FECHA Y HORA DE LA ULTIMA MODIFICACION
- Campo de control: 20031229110700.0
008 - ELEMENTOS DE DATOS DE LONGITUD FIJA
- Campo de longitud fija: 981120 | azznnbabn || ana d
035 ## - NÚMERO DE CONTROL DEL SISTEMA
- Número de control del sistema: (ILOT)2561
035 ## - NÚMERO DE CONTROL DEL SISTEMA
- Número de control del sistema: CES19980015444s
040 ## - FUENTE DE LA CATALOGACIÓN
- Agencia original de catalogación: ES-MaCES
- Idioma de catalogación: spa
- Agencia de transcripción: ES-MaCES
072 #7 - CÓDIGO DE CATEGORIA DE MATERIA
- Código de categoría temática: 11.01.2
- Fuente del código: ilot
150 ## - ENCABEZAMIENTO--MATERIA
- Término de materia o geográfico como elemento de entrada: impuesto sobre la renta de personas físicas
450 ## - TRAZADO VEÁSE--MATERIA
- Término de materia o nombre geográfico como elemento de entrada: IRPF
550 ## - TRAZADO VEÁSE ADEMÁS--MATERIA
- Término de materia o nombre geográfica como elemento de entrada: ingreso
550 ## - TRAZADO VEÁSE ADEMÁS--MATERIA
- Subcampo de control: g
- Término de materia o nombre geográfica como elemento de entrada: impuesto
550 ## - TRAZADO VEÁSE ADEMÁS--MATERIA
- Subcampo de control: h
- Término de materia o nombre geográfica como elemento de entrada: impuesto sobre sociedades
670 ## - FUENTE DE DATOS ENCONTRADOS
- Fuente de citación: ISOC. OIT modificado: antes, impuesto sobre la renta
750 #7 - ENTRADA DE ENLACE DE ENCABEZAMIENTO ESTABLECIDO--MATERIA
- Término de materia o nombre geográfico como elemento de entrada: impôt sur le revenu
- Fuente del encabezamiento o término: tbit
750 #7 - ENTRADA DE ENLACE DE ENCABEZAMIENTO ESTABLECIDO--MATERIA
- Término de materia o nombre geográfico como elemento de entrada: income tax
- Fuente del encabezamiento o término: ilot
901 ## - CES. DATOS SIRTEX
- ID Sirtex (N5N8): 0007700001544
- 005BIS Sirtex: 199811201423BATCH
903 ## - CES. DATOS ATES
- Fecha de incorporación 1978: 05/01/73

